Poetas modernistas hispanoamericanos : antologia.

Saved in:
Bibliographic Details
Main Author: Garcia-Prada, Carlos
Format: Book
Language:Spanish
Published: Madrid : Ediciones Cultura Hispanica, 1968.
Edition:2a ed.
Series:Poesia de Espana y America ; 33
Subjects:
LEADER 00865nam a22002291 4500
001 c000204714
003 CARM
005 20021125002000.0
008 851113s1968 sp 0 spa d
019 1 |a 4147339  |5 LACONCORD2021 
035 |a (OCoLC)219479584  |5 LACONCORD2021 
100 2 |a Garcia-Prada, Carlos. 
245 1 0 |a Poetas modernistas hispanoamericanos :  |b antologia. 
250 |a 2a ed. 
260 |a Madrid :  |b Ediciones Cultura Hispanica,  |c 1968. 
440 0 |a Poesia de Espana y America ;  |v 33 
650 0 |a Spanish American poetry  |y 20th century. 
650 0 |a Spanish American poetry  |y 19th century. 
852 8 |b CARM  |h A2:AM30A0  |i B06262  |p 0290789  |f BK 
082 0 4 |a 861.508 
999 f f |i 2cee25aa-65d2-5497-bd2b-8a79d4a35bec  |s e7cd98fe-c4c4-594c-93a2-5f45c00690f3 
952 f f |p Can circulate  |a CAVAL  |b CAVAL  |c CAVAL  |d CARM 1 Store  |e B06262  |f A2:AM30A0  |h Other scheme  |i book  |m 0290789